Inner West Sydney - Map Quiz - Statistics

General Stats
  • This quiz has been taken 292 times
  • The average score is 12 of 29
Answers on the Map
Answers color-coded by a green-red scale on the quiz's map according to % correct below.
 
Answer Stats
Answer % Correct
Birchgrove
54%
Marrickville
54%
Balmain East
51%
Balmain
49%
Glebe
49%
Leichhardt
49%
Earlwood
47%
Forest Lodge
47%
Ashfield
44%
Haberfield
44%
Rozelle
44%
Annandale
43%
Camperdown
41%
Lewisham
41%
Lilyfield
40%
Tempe
40%
Petersham
39%
Chippendale
36%
Dulwich Hill
36%
Newtown
36%
Stanmore
34%
Summer Hill
34%
Sydenham
34%
Alexandria
33%
Enmore
32%
St Peters
31%
Erskineville
29%
Eveleigh
29%
Darlington
26%
No matching quizzes found
Score Distribution
Percent of People with Each Score
Percentile by Number Answered
Your Score History
You have not taken this quiz